00774 2200241 4500001002100000005001500021035002000036007000300056008004100059020001800100082001200118084001600130100002600146245016600172260004800338300002900386650002200415700001800437700002000455700002200475700002300497990001200520INLIS00000000001684620240725102717 a0010-0724000012ta240725 g 0 ind  a979-164-892-1 a297.112 a297.112 CAH0 aNASSIRUN, Purwokartun1 aCahaya di Ujung Senja :bMerwat Semangat Belajar Al Qur'an di Usia Tua /cNassirun Purwokartun, Isna Maylani, Muthia Sayekti, Erlina Primadani, Hasan Fahrur Rozi aKlaten :bPustaka Rubaiyat Indonesia,c2017 a148 hlm :bilus ;c21 cm 4aAL-QUR'AN-MEMBACA0 aISNA, Maylani0 aMUTHIA, Sayekti0 aERLINA, Primadani0 aHASAN, Fahrur Rozi a12066 a